000 00727nam a22002657a 4500
003 UA-OsUOA
001 28933
007 ta
008 20050516b un ||||| |||| 00| 0 ukr d
100 _aРешетілова Т. Б.
700 _aЗаїка Л. А.
090 _a811.111:658.8
_bР46
942 _cBK
040 _aUA-OsUOA
_beng
_cUA-OsUOA
_dUA-OsUOA
245 _aУспішний маркетинг
_bНавч. посіб.
300 _a260 с.
955 _a0
041 _aeng
080 _a811.111:658.8
020 _a966-8271-13-0
260 _aДніпропетровськ
_bНаціональний гірничий університет
_c2003
044 _aUA
650 7 _2UDC
999 _c315309
_d315309